| 000 | 00755 a2200217 4500 | ||
|---|---|---|---|
| 001 | 41307 | ||
| 005 | 20260407155707.0 | ||
| 008 | 260407a2016 arg spa d | ||
| 003 | AR-UNSa-BCEJYS | ||
| 040 |
_aAR-UNSa-BCEJYS _bspa _cAR-UNSa-BCEJYS |
||
| 080 |
_a347.1/7(094.4) _xCódigo Civil y Comercial |
||
| 245 | 1 | 0 |
_aCódigo civil y comercial de la Nación. Ley 26.994 _pEquivalencias y correlación normativa |
| 020 | _a978-987-01-1935-7 | ||
| 264 | 1 |
_aBuenos Aires : _bErreius _c2016 |
|
| 300 |
_a48 p. _c21 cm. |
||
| 041 | _aspa | ||
| 942 | _cBK | ||
| 590 | _aniveau_biblio:m niveau_hierar:0 | ||
| 100 | 1 | _aArgentina (Código Civil y Comercial) | |
| 856 | 4 | 1 |
_uhttps://biblioeco.unsa.edu.ar/pmb/images/libros/E00004.jpg _yImagen de portada _qimage/jpeg |
| 999 |
_c3451 _d3451 |
||